Quan niệm nghệ thuật về con người trong tiểu thuyết Nguyễn Bình Phương nhìn từ thuyết hiện sinh

Văn xuôi Việt Nam sau 1986 và quan niệm nghệ thuật về con người hiện sinh. Nỗi ám ảnh nhân vị - cách nhìn của Nguyễn Bình Phương về con người hiện sinh. Dấu ấn hiện sinh trong kĩ thuật thể hiện quan niệm nghệ thuật về con người của Nguyễn Bình Phương...

Popoln opis

Shranjeno v:
Bibliografske podrobnosti
Glavni avtor: Trần Hải Dương
Drugi avtorji: Bùi Bích Hạnh TS. (Hướng dẫn)
Format: Knjiga
Izdano: Đà Nẵng Đại học Đà Nẵng 2016
Teme:
Oznake: Označite
Brez oznak, prvi označite!
Thư viện lưu trữ: Mạng thư viện Đại học Đà Nẵng
LEADER 01866nam a2200349 4500
001 000024311
003 20797
005 20161222141212.0
008 161116s2016 sd
082 1 4 |a 895.92283408  |b TR-D 
100 1 |a Trần Hải Dương 
245 1 0 |a Quan niệm nghệ thuật về con người trong tiểu thuyết Nguyễn Bình Phương nhìn từ thuyết hiện sinh  |c Trần Hải Dương ; Bùi Bích Hạnh hướng dẫn  |k Luận văn tốt nghiệp 
260 |a Đà Nẵng  |b Đại học Đà Nẵng  |c 2016 
300 |a 120 tr. ; phụ lục 5 tr.  |c 29 cm.  |e Tóm tắt 
500 |a Luận văn Khoa học xã hội và nhân văn. Chuyên ngành : Văn học Việt Nam. Mã số: 60 22 01 21 
520 3 |a Văn xuôi Việt Nam sau 1986 và quan niệm nghệ thuật về con người hiện sinh. Nỗi ám ảnh nhân vị - cách nhìn của Nguyễn Bình Phương về con người hiện sinh. Dấu ấn hiện sinh trong kĩ thuật thể hiện quan niệm nghệ thuật về con người của Nguyễn Bình Phương 
600 1 4 |a Nguyễn Bình Phương  |d 1956- 
650 0 4 |a Tiểu thuyết Việt Nam  |v Luận văn tốt nghiệp  |x Nghiên cứu  |z Việt Nam 
653 |a Tiểu thuyết Việt Nam 
653 |a Nguyễn Bình Phương 
653 |a Văn học Việt Nam 
700 1 |a Bùi Bích Hạnh  |c TS.  |e Hướng dẫn 
OWN |a LSP 
AVA |a UDN50  |b LSP  |d 895.92283408 TR-D  |e available  |t Error 5001 Not defined in file expand_doc_bib_avail.  |f 1  |g 0  |h N  |i 0  |k 1 
999 |a From the UDN01 
AVA |a UDN50  |b LSP  |d 895.92283408 TR-D  |e available  |t Error 5001 Not defined in file expand_doc_bib_avail.  |f 1  |g 0  |h N  |i 0  |k 1 
TYP |a Monograph 
TYP |a Printed language 
980 |a Mạng thư viện Đại học Đà Nẵng